000 00540nam a2200181Ia 4500
008 100920s9999 xx 000 0 und d
082 _b68733
_a--- थ 91
100 _aवैदय सुरेश.
245 _aफीलिंग.
260 _bशब्दसन्मान प्रकाशन, पुणे.
_c1991
300 _a164
_bसाधी
365 _b65
520 _aकादंबरी.
630 _aफीलिंग.
650 _aकादंबरी.
730 _aफीलिंग.
942 _cBOOK
999 _c710968
_d710965